Vehicle access rights (Record no. 70701)

MARC details
000 -LEADER
fixed length control field 00889cam a2200205 4500
001 - CONTROL NUMBER
control field WB3825-01
008 - FIXED-LENGTH DATA ELEMENTS--GENERAL INFORMATION
fixed length control field 020710n2002 000 0 eng u
035 ## - SYSTEM CONTROL NUMBER
System control number (Sirsi) u118761
245 ## - TITLE STATEMENT
Title Vehicle access rights
260 ## - PUBLICATION, DISTRIBUTION, ETC.
Date of publication, distribution, etc. 2002
490 ## - SERIES STATEMENT
Series statement DEFRA News Release
Volume/sequential designation (267/02) 5 July 2002, (2)
520 ## - SUMMARY, ETC.
Summary, etc. New procedures have been introduced setting out how people can obtain legal right to drive over common land to reach their homes. A statutory easement has been created, provided conditions and procedures are met, in return for reasonable compensation. New procedures are set out under Countryside and Rights of Way Act 2000 S68. www.defra.gov.uk/news/2002/020705b.htm
590 ## - LOCAL NOTE (RLIN)
Local note WB
650 ## - SUBJECT ADDED ENTRY--TOPICAL TERM
Topical term or geographic name entry element ACCESS RIGHTS
650 ## - SUBJECT ADDED ENTRY--TOPICAL TERM
Topical term or geographic name entry element COUNTRYSIDE AND RIGHTS OF WAY ACT 2000 S68
650 ## - SUBJECT ADDED ENTRY--TOPICAL TERM
Topical term or geographic name entry element EASEMENTS
650 ## - SUBJECT ADDED ENTRY--TOPICAL TERM
Topical term or geographic name entry element RIGHTS OF WAY
690 ## - LOCAL SUBJECT ADDED ENTRY--TOPICAL TERM (OCLC, RLIN)
Topical term or geographic name as entry element Boundary disputes
9 (RLIN) 6221
942 ## - ADDED ENTRY ELEMENTS (KOHA)
Suppress in OPAC 0
Holdings
Withdrawn status Lost status Source of classification or shelving scheme Damaged status Not for loan Home library Current library Shelving location Date acquired Total Checkouts Full call number Barcode Date last seen Copy number Price effective from Koha item type
    Dewey Decimal Classification     London London News article 10/07/2002   WB3825-01 118761-1001 06/08/2019 1 06/08/2019 News article